| 000 | 00557nam a2200169 i 4500 | ||
|---|---|---|---|
| 001 | 58601 | ||
| 003 | ES-MaACL | ||
| 005 | 20230906163838.0 | ||
| 007 | t| | ||
| 008 | 031023s1962 sp ||||1| spa d | ||
| 100 | 1 |
_aEastham, Robert Duncan. _946449 |
|
| 245 | 1 | 0 |
_aValores bioquímicos en medicina clínica / _cpor Robert Duncan Eastham ; traducción por Jesús Vicente Fernández. |
| 260 |
_aMadrid : _bPaz Montalvo, _c[1962] |
||
| 300 |
_a207 p. : _bil. ; _c17 cm. |
||
| 700 | 1 |
_aFernández, Jesús Duncan. _949379 |
|
| 852 |
_aES-MaACL _jC-22813 _bR.51132 |
||
| 999 |
_c58601 _d58601 |
||